| 000 | 00644nam a22002177a 4500 | ||
|---|---|---|---|
| 999 |
_c12350 _d12350 |
||
| 003 | AR-CdUCM | ||
| 008 | 190408b ||||| |||| 00| 0 spa d | ||
| 040 |
_aMUNICIPALIDAD PROVINCIAL DEL CUSCO _cBIBLIOTECA MUNICIPAL DEL CUSCO |
||
| 082 |
_aC / 869.56 / _bF65 |
||
| 100 |
_aFlorez B., Felix _917202 |
||
| 245 | _aRadiografía de un camino / | ||
| 260 |
_aCusco : _bEdiciones Elemento, _c1969. |
||
| 300 | _c15 cm. | ||
| 440 |
_aColección Vigencia. _n5 _917203 |
||
| 505 | _aContenido: Poemas. | ||
| 650 |
_aLiteratura Peruana _9132 |
||
| 650 |
_aSiglo XX _98 |
||
| 650 |
_aPoemas _9929 |
||
| 942 |
_2ddc _cLIBROS |
||
| 945 |
_aachl _d2019-04-08 |
||